00866cam a2200241 a 45000010008000000030004000080050017000120080041000290100017000700200025000870400018001120500023001300820016001532450128001692600095002973000030003925040029004226000068004516500026005197000036005457000021005817000022006024715978OSt20170127111933.0840731s1985 deuc b s010 0 eng  a 83040112  a0874132479 :c$37.50 aDLCcDLCdDLC00aPR2976b.S343 198500a822.3/321900aShakespeare's "rough magic" :bRenaissance essays in honor of C. L. Barber /cedited by Peter Erickson and Coppélia Kahn. aNewark :bUniversity of Delaware Press ;aLondon :bAssociated University Presses,cc1985. a322 p. :bport. ;c24 cm. aIncludes bibliographies.10aShakespeare, William,d1564-1616xCriticism and interpretation. 0aRenaissancezEngland.1 aBarber, C. L.q(Cesar Lombardi)1 aErickson, Peter.1 aKahn, Coppélia.